000 00218nam a2200085 4500
001 1236201
005 20251001145107.0
245 _aKARA DELİK BİR DELİK DEĞİLDİR
_cCAROLYN CİNAMİ DECRİSTOFANO
260 _bTÜBİTAK
999 _c1236201
_d1236201